Normal view
MARC view
Entry Personal Name
001 - CONTROL NUMBER
- control field: 17076
003 - CONTROL NUMBER IDENTIFIER
- control field: OSt
005 - DATE AND TIME OF LATEST TRANSACTION
- control field: 20151028105525.0
008 - FIXED-LENGTH DATA ELEMENTS
- fixed length control field: 151028|| aca||aabn | a|a d
040 ## - CATALOGING SOURCE
- Original cataloging agency: OSt
- Transcribing agency: OSt
100 ## - HEADING--PERSONAL NAME
- Personal name: Pat, R. N. and Schwarz-Herion, Odile
670 ## - SOURCE DATA FOUND
- Source citation: Work cat.: (OSt)44502: Pat, R. N. and Schwarz-Herion, Odile, Sustainable Development, 2007









